00437 2200169 4500001002100000008004100021035002000062245004400082250001000126260003300136300002000169020001800189084001400207082000800221650002600229990001200255INLIS000000000001147 ind  a0010-0722000696 aWong Sugeh Mati KeluwencGesta Bayuadhy aCet.1 aYogyakartabDIVA Pressc2014 a276c14 x 20 cm a9786027968790 a306 GES w a306 aPengajaran Pendidikan aDI.1353